000
00305nam a2200097Ia 4500
008
220204s9999 xx 000 0 und d
082
_a
339.5
_b
REC
245
0
_a
Record of the proceedings of the third meeting of advisory council of trade
260
_a
New Delhi
_b
Ministry of foreign trade
_c
1970
942
_c
BK
999
_c
22209
_d
22209